000 00454nam a22001817a 4500
003 OSt
005 20211103165309.0
008 211103b |||||||| |||| 00| 0 eng d
020 _a1852590149
040 _cHAWASSA UNIVERSITY
050 _a636.089/COU
_b2
082 _23
_a636.089/COU
_b2
100 _aCOUTTS G.S.
_916829
245 _aPOULTRY DISEASES UNDER MODERN MANAGEMENT
260 _bPRESS LTD
_c1987
300 _a245
942 _2ddc
_cBOOKS
_n0
999 _c16588
_d16588